000 00958nam a22001937a 4500
999 _c63227
_d63227
003 Ge_BSU
005 20250701170657.0
008 250701s1969 ge ||||| |||| 00| 0 geo d
041 _ageo
080 _a378.4(479.22-25) ჯ-54
100 _aჯიქია, დავით,
_925591
245 _aთბილისის უნივერსიტეტი - კადრების იდეური სამჭედლო /
_cდავით ჯიქია, ვახტანგ ქარუმიძე.
264 _aთბილისი :
_bსაბჭ. საქართველო,
_c1969.
300 _a99 გვ. ;
_b17 სმ.
440 _aპარტ. მუშაობის გამოცდილება
_925592
653 _aთბილისის სახელმწიფო უნივერსიტეტი.
700 _aქარუმიძე, ვახტანგ
_916939
942 _2udc
_cᲬᲘᲒᲜᲘ